000 00624nam a2200205Ii 4500
003 JO-AjNU
008 230605s9999||||xx |||||||||||||| ||und||
017 _a2018/5/2593
040 _aJO-AjNU
_bara
_erda
_cJO-AjNU
041 _aara
050 1 4 _aML410.B3.H85 2018
100 3 _aتأليف فوزي، حسين,
_eauthor
_958467
245 0 0 _aبيتهوفن
264 3 1 _aعمان: وزارة الثقافة، 2018
300 _a363ص
336 _atext
_btxt
_2rdacontent
337 _aunmediated
_bn
_2rdamedia
338 _avolume
_bnc
_2rdacarrier
650 4 _aالموسيقيون الالمان- تراجم
_958468
999 _aA26257
_c29825
_d29825